LEADER 02182 am 2200505 n 450 001 9910495950403321 005 20240104030705.0 010 $a2-7351-2498-3 024 7 $a10.4000/books.editionsmsh.15885 035 $a(CKB)4100000011871396 035 $a(FrMaCLE)OB-editionsmsh-15885 035 $a(PPN)255349610 035 $a(EXLCZ)994100000011871396 100 $a20210407j|||||||| ||| 0 101 0 $afre 135 $auu||||||m|||| 200 00$aCivilisation ou barbarie$eEssai sur le vivre ensemble$fErnesto Ottone 210 $aParis$cÉditions de la Maison des sciences de l?homme$d2019 215 $a1 online resource (108 p.) 311 $a2-7351-2438-X 330 $aPour comprendre les violents conflits identitaires qui traversent aujourd?hui les sociétés ex-colonisatrices ou ex-colonisées, Ernesto Ottone revient sur l?histoire paradoxale de la mondialisation au xxe siècle. Au long de cette genèse, traversée par des guerres meurtrières et des conflits idéologiques, il remet en cause la conception de l?« universel » qui promeut des représentations culturelles fondées sur le rejet de l?autre. Il prône l? « accumulation civilisationnelle », un outil conceptuel pour réinterpréter ces antagonismes à la lumière des valeurs de tolérance issues de toutes les cultures. Un moyen de se départir des résidus de barbarie dissimulés dans le refus du vivre ensembl 606 $aHistory 606 $aconflits identitaires 606 $acivilisation 606 $acolonisation 606 $abarbarie 606 $arévolution industrielle 606 $amondialisation 606 $aaccumulation civilisationnelle 606 $atolérance 615 4$aHistory 615 4$aconflits identitaires 615 4$acivilisation 615 4$acolonisation 615 4$abarbarie 615 4$arévolution industrielle 615 4$amondialisation 615 4$aaccumulation civilisationnelle 615 4$atolérance 700 $aOttone$b Ernesto$01290555 801 0$bFR-FrMaCLE 906 $aBOOK 912 $a9910495950403321 996 $aCivilisation ou barbarie$93657829 997 $aUNINA LEADER 03476nam 2200769 a 450 001 9910789404703321 005 20230725031453.0 010 $a1-283-16676-3 010 $a9786613166760 010 $a3-11-025470-0 024 7 $a10.1515/9783110254709 035 $a(CKB)2670000000099313 035 $a(EBL)913094 035 $a(SSID)ssj0000593225 035 $a(PQKBManifestationID)11399020 035 $a(PQKBTitleCode)TC0000593225 035 $a(PQKBWorkID)10741050 035 $a(PQKB)11317763 035 $a(MiAaPQ)EBC913094 035 $a(WaSeSS)Ind00009966 035 $a(DE-B1597)123566 035 $a(OCoLC)744520427 035 $a(OCoLC)979600509 035 $a(OCoLC)987942243 035 $a(OCoLC)992455325 035 $a(DE-B1597)9783110254709 035 $a(Au-PeEL)EBL913094 035 $a(CaPaEBR)ebr10486560 035 $a(CaONFJC)MIL316676 035 $a(EXLCZ)992670000000099313 100 $a20110819d2011 uy 0 101 0 $aeng 135 $aurnn#---|u||u 181 $ctxt 182 $cc 183 $acr 200 10$aCompound stress in English$b[electronic resource] $ethe phonetics and phonology of prosodic prominence /$fGero Kunter 210 $aBerlin $cDe Gruyter$d2011 215 $a1 online resource (240 p.) 225 1 $aLinguistische Arbeiten,$x0344-6727 300 $aDescription based upon print version of record. 311 0 $a3-11-025469-7 320 $aIncludes bibliographical references. 327 $tFront matter --$tContents --$tAcknowledgements --$t1 Introduction --$t2 Compounds, stress and prominence: concepts and issues --$t3 The corpus --$t4 Perception of compound prominence patterns --$t5 Acoustic correlates of compound prominence --$t6 Classification and prediction of compound prominence patterns --$t7 What determines compound prominence patterns? --$t8 Within- and across-speaker variation --$t9 Conclusion --$tA Introduction to linear regression and mixed-effects models --$tB NOUN + NOUN compounds used in the variability study --$tReferences 330 $aThis volume addresses several claims about the two prominence patterns found in English nominal compounds in a rigorously empirical way. Listener proficiency to identify these patterns is investigated, and the acoustic properties that distinguish the patterns are identified. These properties are used to predict statistically the prominence pattern of any given compound. The book further analyzes the semantic and structural factors influencing the distribution of the prominence patterns, and addresses the extent of within- and across-speaker variability in English compound stress assignment. 410 0$aLinguistische Arbeiten (Max Niemeyer Verlag) 606 $aEnglish language$xCompound words 606 $aEnglish language$xIntonation 606 $aEnglish language$xAccents and accentuation 610 $aCorpus Linguistics. 610 $aEnglish/Language. 610 $aMorphology. 610 $aPhonetics. 610 $aPhonology. 615 0$aEnglish language$xCompound words. 615 0$aEnglish language$xIntonation. 615 0$aEnglish language$xAccents and accentuation. 676 $a421.58 686 $aHF 260$qBVB$2rvk 700 $aKunter$b Gero$01487337 801 0$bMiAaPQ 801 1$bMiAaPQ 801 2$bMiAaPQ 906 $aBOOK 912 $a9910789404703321 996 $aCompound stress in English$93707131 997 $aUNINA